KLM fleet - Statistics

General Stats
  • This quiz has been taken 90 times
  • The average score is 8 of 14
Answer Stats
Number of aircraft Answer % Correct
5 A330-300
83%
31 B737-800(WL)
81%
16 B777-300(ER)
80%
13 B787-9
80%
6 A330-200
76%
8 B787-10
76%
15 B777-200(ER)
73%
6 B737-700(WL)
71%
5 B737-900(WL)
66%
1 B747-400(BCF)
63%
17 ERJ-175
19%
30 ERJ-190
19%
15 E195-E2
15%
3 B747-400F(ER)
14%
No matching quizzes found
Score Distribution
Percent of People with Each Score
Percentile by Number Answered
Your Score History
You have not taken this quiz